Statistics for My Chemical Romance Cemetery Drive lyrics

Click here to take the quiz!

General Stats

  • This quiz has been taken 222 times
  • The average score is 185 of 209

Answer Stats

Answer% Correct
I
100%
the
100%
a
99%
you
99%
your
98%
and
97%
And
97%
so
97%
So
97%
miss
96%
In
95%
this
94%
This
94%
it
93%
It
93%
of
93%
dress
92%
hates
92%
husband
92%
on
91%
that
91%
bathroom
90%
down
90%
floor
90%
kiss
90%
they
89%
Way
89%
way
89%
cemetery
88%
collision
88%
far
88%
hard
88%
night
88%
found
87%
When
87%
dead
85%
door
85%
grave
85%
made
85%
walk
85%
gates
84%
Is
84%
mark
84%
me
82%
what
81%
If
79%
won't
79%
by
78%
crying
78%
deserve
78%
drinking
78%
make
78%
much
78%
stop
78%
want
78%
Did
77%
for
76%
get
76%
I’ll
76%
slit
76%
wrists
75%
always
74%
fun
74%
isn't
74%
keep
74%
loaded
74%
lying
74%
Mausoleum
74%
solitary
74%
us
74%
gun
73%
songs
73%
dying
71%
Singing
71%
will
71%
find
70%
Where
70%
staring
69%
crash
68%
run
65%
searchlights
65%
style
63%
Back
58%
home
58%
off
58%

Score Distribution

Percentile by Number Answered

Percent of People with Each Score

Your Score History

You have not taken this quiz